The Tug Hill program : a regional planning option for rural areas

Αποθηκεύτηκε σε:
Λεπτομέρειες βιβλιογραφικής εγγραφής
Κύριος συγγραφέας: Dyballa, Cynthia D.
Άλλοι συγγραφείς: Raymond, Lyle S., Hahn, Alan J. (Alan Joseph) 1940-
Μορφή: Βιβλίο
Γλώσσα:English
Δημοσίευση: Syracuse : Syracuse University Press, 1981
Σειρά:A New York State study
Θέματα:
Ετικέτες: Προσθήκη ετικέτας
Δεν υπάρχουν, Καταχωρήστε ετικέτα πρώτοι!

MARC

LEADER 00000pam a2200000 i 4500
001 1/73401
008 970331s1981 eng d
020 |a 0-8156-2241-4 
035 |l 10003225 
040 |a GR-MY-UA  |b gre  |e aacr 
041 0 |a eng 
082 0 |a 361.6097475 
100 1 |a Dyballa, Cynthia D. 
245 1 4 |a The Tug Hill program :  |b a regional planning option for rural areas /  |c Cynthia D. Dyballa; Lyle S. Raymond; Alan J. Hahn 
260 |a Syracuse :   |b Syracuse University Press,   |c 1981 
300 |a xiv, 170 p.;  |b ill.;  |c 22 cm 
490 1 |a A New York State study 
504 |a Includes bibliographical references and index 
650 0 0 |a Regional planning  |z New York (State)  |z Tug Hill region  |x Case studies. 
650 0 0 |a Rural development  |z New York (State)  |z Tug Hill region  |x Case studies. 
700 1 |a Raymond, Lyle S. 
700 1 |a Hahn, Alan J. (Alan Joseph)  |d 1940- 
830 0 |a A New York State study 
852 |a INST  |b LESVOS  |e 19970331  |h 361.6097 DYM  |p 005100011668  |q 005100011668  |t BK  |y 0 
909 |a Λ  |b 02977